| 000 | 00465nam a2200181Ia 4500 | ||
|---|---|---|---|
| 005 | 20250603145816.0 | ||
| 008 | 250603s9999 xx 000 0 und d | ||
| 020 | _a9789789411061 | ||
| 050 | _aHF 5626 .I34/ | ||
| 100 | _aIdekwulim, Prince Casmir | ||
| 245 | 0 | _aTeach yourself IFRS for general purpose and tertiary institutions | |
| 260 | _aLagos | ||
| 260 | _bPICCAS GLOBAL CONCEPT | ||
| 260 | _c2019 | ||
| 300 | _a1061 p | ||
| 650 | _aLagos | ||
| 942 | _cBK | ||
| 999 |
_c42920 _d42920 |
||